Valuation : (Record no. 22151)

MARC details
000 -LEADER
fixed length control field 00799cam a22002535a 4500
001 - CONTROL NUMBER
control field 017534492
003 - CONTROL NUMBER IDENTIFIER
control field OSt
005 - DATE AND TIME OF LATEST TRANSACTION
control field 20161012145013.0
008 - FIXED-LENGTH DATA ELEMENTS--GENERAL INFORMATION
fixed length control field 150722s2016 enka frdb 001 0 eng d
020 ## - INTERNATIONAL STANDARD BOOK NUMBER
International Standard Book Number 0128023031
020 ## - INTERNATIONAL STANDARD BOOK NUMBER
International Standard Book Number 9780128023037
040 ## - CATALOGING SOURCE
Original cataloging agency StDuBDS
Language of cataloging eng
Transcribing agency StDuBDS
Description conventions pn
Modifying agency EG-ScBUE
082 04 - DEWEY DECIMAL CLASSIFICATION NUMBER
Edition number 22
Classification number 332.63221
Item number KUM
100 1# - MAIN ENTRY--PERSONAL NAME
Personal name Kumar, Rajesh,‏ ‎
9 (RLIN) 40708
245 10 - TITLE STATEMENT
Title Valuation :
Remainder of title theories and concepts /
Statement of responsibility, etc Rajesh Kumar.
260 ## - PUBLICATION, DISTRIBUTION, ETC. (IMPRINT)
Place of publication, distribution, etc London :
Name of publisher, distributor, etc Academic Press / Elsevier,
Date of publication, distribution, etc c.2016.
300 ## - PHYSICAL DESCRIPTION
Extent xvi, 499 p. :
Other physical details ill. ;
Dimensions 24 cm.
500 ## - GENERAL NOTE
General note Index : p. 488-499.
500 ## - GENERAL NOTE
General note Glossary : p. 473-478.
504 ## - BIBLIOGRAPHY, ETC. NOTE
Bibliography, etc Includes bibliographical references.
650 #7 - SUBJECT ADDED ENTRY--TOPICAL TERM
Topical term or geographic name as entry element Valuation.
Source of heading or term BUEsh
9 (RLIN) 36760
653 ## - INDEX TERM--UNCONTROLLED
Resource For college BAEPS, Business Administration
Arrived date list August 2016
-- October2016
942 ## - ADDED ENTRY ELEMENTS (KOHA)
Source of classification or shelving scheme Dewey Decimal Classification
Edition 22
Call number prefix 332.63221 KUM
Holdings
Withdrawn status Item status Source of classification or shelving scheme Damaged status Not for loan Vendor Home library Current library Shelving location Date acquired Source of acquisition Cost, normal purchase price Serial Enumeration / chronology Total Checkouts Full call number Barcode Date last seen Cost, replacement price Koha item type Total Renewals Checked out Date last borrowed
    Dewey Decimal Classification     Baccah Central Library Central Library First floor 10/08/2016 Purchase 807.00 25846   332.63221 KUM 000033218 15/07/2025 1008.75 Book - Borrowing      
    Dewey Decimal Classification     Academic Bookshop Central Library Central Library First floor 12/10/2016 Purchase 722.00 9154 1 332.63221 KUM 000034044 10/07/2018 902.50 Book - Borrowing 6 14/11/2022 10/07/2018